Australian players in Premier League (2000-) - Statistics

General Stats
  • This quiz has been taken 55 times
  • The average score is 13 of 45
Answer Stats
Ranking Player Positions Nationality Matches Goals (assists) Periods Clubs % Correct
5 Tim Cahill MF, FW 226 56 (22) 2004-2012
95%
6 Harry Kewell MF, FW 168 36 (23) 2000-2008
91%
1 Mark Schwarzer GK 436 0 (1) 2000-2015
89%
7 Mathew Ryan GK 124 0 (0) 2017-2021
86%
9 Aaron Mooy MF, FW 96 9 (6) 2017-2020
82%
4 Mark Viduka FW 240 92 (28) 2000-2009
80%
10 Mile Jedinak MF 90 6 (4) 2013-2017
64%
2 Lucas Neill DF 279 6 (15) 2001-2010
52%
12 Brad Jones GK 45 0 (0) 2003-2008, 2011-2012, 2014-2015
50%
33 Brad Smith DF, MF 10 0 (0) 2013-2014, 2015-2017
48%
3 Brett Emerton DF, MF 247 13 (30) 2003-2012
45%
32 Massimo Luongo MF 11 0 (0) 2024-2025
45%
28 Harry Souttar DF 12 0 (1) 2022-2023
43%
36 Mark Bosnich GK 5 0 (0) 2001-2002
43%
26 Cameron Burgess DF 18 0 (2) 2024-2025
32%
18 Adam Federici GK 31 0 (0) 2006-2007, 2012-2013, 2015-2017
25%
25 John Aloisi FW 18 3 (2) 2000-2001
23%
8 Stan Lazaridis DF, MF 97 4 (12) 2002-2006
23%
22 Tony Popovic DF 23 2 (1) 2004-2005
20%
16 Vince Grella MF 38 0 (1) 2008-2012
18%
37 Aiden O'Neill MF 4 0 (0) 2016-2018
16%
19 Brett Holman MF, FW 27 1 (3) 2012-2013
16%
17 Chris Herd DF, MF 36 1 (0) 2010-2014
16%
20 Craig Moore DF 25 0 (0) 2005-2007
16%
11 Danny Tiatto DF, MF 51 2 (4) 2000-2001, 2002-2004
16%
24 Luke Wilkshire DF, FW 21 0 (0) 2001-2003
16%
30 Tony Vidmar DF 12 0 (0) 2002-2003
16%
43 Tyrese Francois DF, FW 2 0 (0) 2020-2021, 2022-2023
16%
44 Cameron Peupion MF 1 0 (0) 2022-2023
14%
13 Josip Skoko MF 45 0 (1) 2005-2008
14%
39 Caleb Watts MF 3 0 (0) 2020-2021
11%
23 Hayden Foxe DF 21 1 (0) 2000-2001, 2003-2004
11%
21 John Filan GK 25 0 (0) 2005-2007
11%
29 Mile Sterjovski MF, FW 12 0 (1) 2007-2008
11%
14 Richard Garcia MF, FW 43 1 (2) 2001-2002, 2008-2010
11%
35 Jacob Burns MF 6 0 (0) 2000-2001, 2002-2003
9%
41 Jason Davidson DF, MF 2 0 (0) 2014-2015
9%
38 Jordan Lyden MF 4 0 (0) 2015-2016
9%
27 Neil Kilkenny MF 18 0 (0) 2005-2006
9%
15 Paul Okon MF 43 0 (1) 2000-2003
9%
42 Scott McDonald MF, FW 2 0 (0) 2001-2002
9%
34 Ahmad Elrich MF, FW 6 0 (0) 2005-2006
7%
45 Danny Allsopp FW 1 0 (0) 2000-2001
7%
31 David Carney DF, MF 11 0 (0) 2010-2011
7%
40 Con Blatsis DF 2 0 (0) 2000-2001
5%
No matching quizzes found
Score Distribution
Percent of People with Each Score
Percentile by Number Answered
Your Score History
You have not taken this quiz